• 首页
  • 本馆介绍
  • 公告通知
  • 最新文献
  • 馆藏检索
  • 电子资源
  • 读者导购
  • 参考咨询
  • 我的图书馆
  • 登录
  • 详细信息显示
  • 放入我的书架
  • 预约/预借图书
  • 作者相关作品
  • 分类相关作品
  • 丛书相关作品
  • 出版社相关作品

书目信息

  • 表格格式
  • 工作单格式
  • 卡片格式
题名:
高效能人士都在用的工作法
    
 
作者: ;恒盛杰资讯 编著
分册:  
出版信息: 北京   机械工业出版社  2016
页数: 424页
开本: 26cm
丛书名:
单 册:
中图分类: F232 , F275-39
科图分类:
主题词: 表处理软件--Biao Chu Li Ruan Jian--应用--会计 , 表处理软件--Biao Chu Li Ruan Jian--应用--财务管理
电子资源:
ISBN: 978-7-111-53671-0
000 01417nam0 22002771 450
001 351394
005 20161011153420.57
010    @a978-7-111-53671-0@dCNY69.00
100    @a20160628d2016 em y0chiy50 ea
101 0  @achi
102    @aCN@b110000
105    @ay z 000yy
106    @ar
200 1  @a高效能人士都在用的工作法@AGao Xiao Neng Ren Shi Du Zai Yong De Gong Zuo Fa@eExcel会计与财务职场实践技法@f恒盛杰资讯编著
210    @a北京@c机械工业出版社@d2016
215    @a424页@d26cm
330    @a全书分为3篇17章。第1篇包括第1~6章,主要讲解Excel基本操作,内容包括快速制作专业报表、用数据有效性设计表单、公式与函数的运用、用数据透视表快速重组数据、快速生成图表、用规划求解与方案管理分析数据等。第2篇包括第7~16章,以实例的形式讲解如何使用Excel解决会计与财务工作中的常见问题,具体包括财务工作常用单据制作、凭证填制、账簿登记与总账处理、往来账款核算与管理、会计报表的编制、工资核算、固定资产核算、财务预测、投资与筹资决策、成本费用分析等。第3篇包括第17章,主要介绍Excel与其他软件的协同使用。
517 1  @aExcel会计与财务职场实践技法@AExcelHui Ji Yu Cai Wu Zhi Chang Shi Jian Ji Fa
606 0  @a表处理软件@ABiao Chu Li Ruan Jian@x应用@x会计
606 0  @a表处理软件@ABiao Chu Li Ruan Jian@x应用@x财务管理
610 0  @aExcel@AExcel
690    @aF232@v5
690    @aF275-39@v5
711 02 @a恒盛杰资讯@AHeng Sheng Jie Zi Xun@4编著
801  0 @aCN@bTANGWEI@c20160820
905    @b0894665-9@dF232@e512@f5
    
    高效能人士都在用的工作法:Excel会计与财务职场实践技法/恒盛杰资讯编著.-北京:机械工业出版社,2016
    424页;26cm
    
    
    ISBN 978-7-111-53671-0:CNY69.00
    全书分为3篇17章。第1篇包括第1~6章,主要讲解Excel基本操作,内容包括快速制作专业报表、用数据有效性设计表单、公式与函数的运用、用数据透视表快速重组数据、快速生成图表、用规划求解与方案管理分析数据等。第2篇包括第7~16章,以实例的形式讲解如何使用Excel解决会计与财务工作中的常见问题,具体包括财务工作常用单据制作、凭证填制、账簿登记与总账处理、往来账款核算与管理、会计报表的编制、工资核算、固定资产核算、财务预测、投资与筹资决策、成本费用分析等。第3篇包括第17章,主要介绍Excel与其他软件的协同使用。
●
相关链接 在E读中查询图书 在五车中查询图书 在当当中查询图书 在豆瓣中查询图书


正题名:高效能人士都在用的工作法     索取号:F232/512         预约/预借

序号 登录号 条形码 馆藏地/架位号 状态 备注
1 0894665   208946658   第一样本阅览室/ [索取号:F232/512] 在馆    
2 0894666   208946667   密集书库-海洋学院/ [索取号:F232/512] 在馆    
3 0894667   208946676   第一借阅区/ [索取号:F232/512] 在馆    
4 0894668   208946685   第一借阅区/ [索取号:F232/512] 在馆    
5 0894669   208946694   第一借阅区/ [索取号:F232/512] 在馆    
唐山师范学院图书馆 欢迎您!
大连网信软件有限公司© 版权所有